5 największych miast w każdym państwie Bałkańskim - Statystyki

Ogólne statystyki
  • Ten quiz został rozwiązany 48 razy
  • Średni wynik to 24 z 55
Statystyki odpowiedzi
Państwo Miasto Populacja % Poprawnych
Albania Tirana 389,323
100%
Bośnia i Hercegowina Sarajewo 348,363
95%
Macedonia Północna Skopje 422,540
93%
Bułgaria Sofia 1,205,548
93%
Grecja Ateny 3,146,164
90%
Serbia Belgrad 1,197,714
90%
Rumunia Bukareszt 1,716,961
88%
Słowenia Lublana 290,903
88%
Czarnogóra Podgorica 173,024
88%
Chorwacja Zagrzeb 663,592
88%
Grecja Saloniki 802,392
85%
Chorwacja Split 149,830
85%
Kosowo Prisztina 143,469
83%
Serbia Nowy Sad 260,438
73%
Bułgaria Warna 318,737
73%
Bułgaria Płowdiw 329,489
65%
Albania Durres 101,728
63%
Rumunia Kluż-Napoka 286,598
63%
Chorwacja Rijeka 107,964
60%
Bośnia i Hercegowina Banja Luka 135,059
58%
Słowenia Maribor 97,522
58%
Bośnia i Hercegowina Mostar 60,195
55%
Chorwacja Zadar 67,309
53%
Serbia Nisz 178,976
50%
Grecja Heraklion 162,600
43%
Chorwacja Osijek 75,535
43%
Bułgaria Burgas 189,014
40%
Rumunia Konstanca 263,688
40%
Słowenia Celje 38,059
35%
Słowenia Koper 26,410
33%
Rumunia Jassy 271,692
30%
Rumunia Timisoara 250,849
30%
Grecja Patras 196,937
25%
Czarnogóra Bar 15,868
23%
Bośnia i Hercegowina Tuzla 74,457
23%
Serbia Kragujevac 146,315
20%
Grecja Larisa 146,374
20%
Czarnogóra Nikšić 54,394
20%
Kosowo Prizren 76,850
20%
Bułgaria Stara Zagora 121,249
20%
Serbia Subotica 88,752
20%
Macedonia Północna Tetowo 63,176
20%
Macedonia Północna Kumanowo 75,051
18%
Bośnia i Hercegowina Zenica 70,553
18%
Macedonia Północna Bitola 69,287
15%
Czarnogóra Budva 20,168
13%
Czarnogóra Pljevlja 16,419
13%
Albania Wlora 66,320
13%
Albania Elbasan 66,834
8%
Słowenia Kranj 37,966
8%
Macedonia Północna Prilep 63,308
8%
Kosowo Djakowica 41,809
3%
Kosowo Gnjilane 53,279
0%
Albania Kashar 89,395
0%
Kosowo Uroševac 48,472
0%
Nie znaleziono quizów pasujących do podanych kryteriów
Rozkład punktacji
Procent ludzi z każdym wynikiem
Percentyl według liczby udzielonych odpowiedzi
Twoja historia wyników
Nie rozwiązałeś tego quizu